ARRUPE JESUIT UNIVERSITY

CORONAVIRUS -STOP THE SPREAD - CLEAN,DISINFECT,COVER

Second Latin: (Record no. 122651)

MARC details
000 -LEADER
fixed length control field 00637nam a22001697a 4500
008 - FIXED-LENGTH DATA ELEMENTS--GENERAL INFORMATION
fixed length control field 150416b xxu||||| |||| 00| 0 eng d
020 ## - INTERNATIONAL STANDARD BOOK NUMBER
International Standard Book Number 9780895550033
050 ## - LIBRARY OF CONGRESS CALL NUMBER
Classification number PA2823.S37
100 ## - MAIN ENTRY--PERSONAL NAME
Personal name Scanlon, Cora Carroll.
9 (RLIN) 17142
245 ## - TITLE STATEMENT
Title Second Latin:
Remainder of title for the reading of philosophy theology and canon law
Statement of responsibility, etc / Cora Carroll Scanlon and Charles L. Scanlon
260 ## - PUBLICATION, DISTRIBUTION, ETC. (IMPRINT)
Place of publication, distribution, etc Charlotte, North Carolina
Name of publisher, distributor, etc TAN books
Date of publication, distribution, etc 2011
300 ## - PHYSICAL DESCRIPTION
Extent 270p. ;
Dimensions 22cm.
650 ## - SUBJECT ADDED ENTRY--TOPICAL TERM
Topical term or geographic name as entry element Latin language, Medieval and modern
General subdivision Grammar
9 (RLIN) 17144
650 ## - SUBJECT ADDED ENTRY--TOPICAL TERM
Topical term or geographic name as entry element Latin language
General subdivision Church
-- Latin
9 (RLIN) 17145
700 ## - ADDED ENTRY--PERSONAL NAME
Personal name Scanlon, Charles L.
9 (RLIN) 17143
942 ## - ADDED ENTRY ELEMENTS (KOHA)
Source of classification or shelving scheme Library of Congress Classification
Item type Monograph ( Printed materials)
Holdings
Withdrawn status Lost status Source of classification or shelving scheme Damaged status Not for loan Collection code Home library Current library Shelving location Date acquired Total Checkouts Full call number Barcode Date last seen Price effective from Koha item type
    Library of Congress Classification     Main Collection ARRUPE LIBRARY ARRUPE LIBRARY Main Collection 16/04/2015   PA2823.S37 46500002461 27/03/2019 16/04/2015 Monograph ( Printed materials)

 

Arrupe Library. PO Box MP320 Mt Pleasant, Harare, Zimbabwe
263 242 745411|librarian@aju.ac.zw